000 00813cam a2200265 4500
001 B2242
008 090401t1988 xxu||||| |||| 00| 0 eng d
035 _a(Sirsi) u48912
041 _aeng
050 _a333.33094
090 _aRICS 1988/53 ABCD
110 _aRoyal Institution of Chartered Surveyors
_94900
245 _a1992:towards a single European property market
260 _c1988
300 _a15p. ; 30cm.
350 _a0
520 _aPapers by Champness,Peter and Austin Ronald S. . Paper by Champness is entitled: An overview. Paper by Austin is entitled:The French perspective.
650 _aEUROPEAN COMMUNITY
650 _aFRANCE
650 _aPROPERTY MARKET
650 _aSINGLE MARKET
710 _aLaw Society of England and Wales
_91639
942 _n0
948 _c04/03/1997
999 _c92429
_d92429